00593 a2200193 4500502002300000653002600023100002700049245010200076300001400178650001500192650001100207650001200218130000700230710009400237041000700331041000700338653004400345651001000389 aThèse d'exercice1 aSciences agronomiques aTangni, Kossi Emmanuel aEvaluation des besoins énergetiques chez des étudiants de l'Université Nationale du Bénin aXX-139 p. aEVALUATION aBESOIN aENERGIE lFr aAbomey-Calavi, Université nationale du Bénin, Faculté des Sciences Agronomiques, BJ bFr bEn 1aNutrition et sciences agro-alimentaires aBENIN